000
00217nam a22001097a 4500
100
_a
Ludluw, Robert
245
_a
The Bancrott Strategy
250
_a
2010
260
_b
Orion Books
300
_a
520
942
_2
ddc
_c
BK
999
_c
11790
_d
11790